Digital computing and numerical methods : (with FORTRAN-IV, WATFOR, and WATFIV programming) /

Guardado en:
Autor Principal: Carnahan, Brice.
Otros Autores: Wilkes, James O.
Formato: Libro
Idioma:English
Publicado: New York : Wiley, c1973.
Materias:
Etiquetas: Agregar Etiqueta
Sin Etiquetas, Sea el primero en etiquetar este registro!
LEADER 00789cam a2200229 a 4500
001 MAT.inmabb004769
008 721130s1973####nyua#####b####001#0#eng##
005 20170606132038.0
245 1 0 |a Digital computing and numerical methods :  |b (with FORTRAN-IV, WATFOR, and WATFIV programming) /  |c Brice Carnahan and James O. Wilkes. 
260 |a New York :  |b Wiley,  |c c1973. 
300 |a xi, 477 p. :  |b il. ;  |c 27 cm. 
504 |a Bibliografía: p. 465-466. 
020 |a 0471135003 
100 1 |a Carnahan, Brice. 
700 1 |a Wilkes, James O. 
084 |a 68-XX  |2 msc2000 
650 0 |a Engineering  |x Data processing. 
650 0 |a FORTRAN IV (Computer program language) 
650 0 |a Numerical calculations. 
010 |a  72013010  
040 |a DLC  |c DLC  |d DLC 
859 |h 68  |i C288  |p A-4521  |b BIB. MATEMATICA